000 00523nam a2200229Ia 4500
005 20250425162620.0
008 250425s9999 xx 000 0 und d
020 _a9789942851345
041 _aspa
043 _aec
082 _a863
100 _aKAFKA, FRANZ
245 0 _aEL PROCESO
250 _a1A ED.
260 _aEcuador
_bKAFKA FRANZ
_c2014
260 _aQUITO
_bCONSEJO DE LA JUDICATURA
300 _a307
650 _aNOVELA
710 _aCONSEJO DE LA JUDICATURA
942 _c01
010 _a90484
999 _c232888
_d232888